Riconosci il Pokémon - Quiz n°155 - Statistics

Statistiche generali
  • Questo quiz è stato fatto 1 volte
  • Il punteggio medio è 3 su 10
Statistiche sulle risposte
Indizio Risposta % Corretto
Abilità Curacuore, Aromavelo
100%
Tipo Folletto
100%
Generazione Sesta
100%
Altezza 0,2 m
0%
Peso 0,5 kg
0%
Tasso di cattura 200 (36.6%)
0%
Sesso 50% ♂, 50% ♀
0%
Stadio evoluzione Forma Base
0%
Tasso di allevamento Medio-Veloce
0%
Pokémon Spritzee
0%
Nessun quiz corrispondente trovato
Distribuzione punteggi
Percentuale di utenti per punteggio
Percentile per numero di risposta
I tuoi punteggi nel tempo
Non hai fatto questo quiz